[Event "Turniej Blitza na II Lidze Juniorów 2018"]
[Site "Szczyrk, Poland"]
[Date "????.??.??"]
[Round "9.16"]
[White "Marczuk, Dominik"]
[Black "Paprocki, Antoni"]
[Result "1-0"]
[TimeControl "3'+2\""]
[WhiteElo "2112"]
[BlackElo "1570"]

1. b3 {[%clk 00:03:00]} {[%emt 00:00:03]} Nf6 {[%clk 00:03:03]} {[%emt
00:00:01]} 2. Bb2 {[%clk 00:03:01]} {[%emt 00:00:01]} g6 {[%clk 00:03:04]} 3.
g4 {[%clk 00:02:56]} {[%emt 00:00:07]} h6 {[%clk 00:02:51]} {[%emt 00:00:16]} 4.
h4 {[%clk 00:02:26]} {[%emt 00:00:31]} Bg7 {[%clk 00:02:51]} {[%emt 00:00:03]}
5. Bg2 {[%clk 00:02:26]} {[%emt 00:00:01]} d5 {[%clk 00:02:42]} {[%emt
00:00:11]} 6. g5 {[%clk 00:02:20]} {[%emt 00:00:09]} hxg5 {[%clk 00:02:43]}
{[%emt 00:00:01]} 7. hxg5 {[%clk 00:02:20]} {[%emt 00:00:02]} Rxh1 8. Bxh1
{[%clk 00:02:21]} Nh5 {[%clk 00:02:45]} 9. Bxg7 {[%clk 00:02:18]} {[%emt
00:00:06]} Nxg7 {[%clk 00:02:45]} {[%emt 00:00:02]} 10. Nc3 {[%clk 00:02:12]}
{[%emt 00:00:07]} c6 {[%clk 00:02:37]} {[%emt 00:00:11]} 11. e3 {[%clk
00:02:12]} {[%emt 00:00:01]} Bf5 {[%clk 00:02:36]} {[%emt 00:00:03]} 12. Nf3
{[%clk 00:02:08]} {[%emt 00:00:06]} Na6 {[%clk 00:02:28]} {[%emt 00:00:10]} 13.
Nd4 {[%clk 00:01:59]} {[%emt 00:00:11]} Qd7 {[%clk 00:02:25]} {[%emt 00:00:04]}
14. Qe2 {[%clk 00:01:23]} {[%emt 00:00:39]} e5 {[%clk 00:02:09]} {[%emt
00:00:18]} 15. Nxf5 {[%clk 00:01:16]} {[%emt 00:00:09]} Qxf5 {[%clk 00:02:10]}
{[%emt 00:00:02]} 16. e4 {[%emt 00:00:28]} dxe4 {[%clk 00:01:48]} 17. Bxe4
{[%clk 00:00:57]} {[%emt 00:00:17]} Qxg5 {[%clk 00:01:48]} {[%emt 00:00:02]} 18.
Bxc6+ {[%clk 00:00:23]} {[%emt 00:00:36]} bxc6 {[%clk 00:01:40]} {[%emt
00:00:10]} 19. Qxa6 {[%clk 00:00:23]} {[%emt 00:00:01]} Qg1+ {[%clk 00:00:56]}
{[%emt 00:00:47]} 20. Qf1 {[%clk 00:00:24]} Qxf1+ {[%clk 00:00:57]} {[%emt
00:00:01]} 21. Kxf1 {[%clk 00:00:25]} Rd8 {[%clk 00:00:57]} {[%emt 00:00:02]}
22. Ke2 {[%clk 00:00:26]} {[%emt 00:00:01]} Nf5 {[%clk 00:00:56]} {[%emt
00:00:03]} 23. a4 {[%clk 00:00:16]} {[%emt 00:00:12]} Nd4+ {[%clk 00:00:56]}
{[%emt 00:00:02]} 24. Kd1 {[%clk 00:00:17]} {[%emt 00:00:01]} Ke7 {[%clk
00:00:56]} {[%emt 00:00:02]} 25. a5 {[%clk 00:00:18]} Rh8 {[%clk 00:00:56]}
{[%emt 00:00:02]} 26. Kc1 {[%clk 00:00:13]} {[%emt 00:00:07]} Rh1+ {[%clk
00:00:54]} {[%emt 00:00:04]} 27. Nd1 {[%clk 00:00:14]} {[%emt 00:00:02]} f5
{[%clk 00:00:43]} {[%emt 00:00:13]} 28. Kb2 {[%clk 00:00:14]} g5 {[%clk
00:00:41]} {[%emt 00:00:05]} 29. c3 {[%clk 00:00:15]} Nf3 {[%clk 00:00:36]}
{[%emt 00:00:06]} 30. Kc2 {[%clk 00:00:16]} {[%emt 00:00:01]} Ne1+ {[%clk
00:00:34]} {[%emt 00:00:04]} 31. Kb2 {[%clk 00:00:14]} {[%emt 00:00:05]} Nd3+
{[%clk 00:00:34]} {[%emt 00:00:01]} 32. Kc2 {[%clk 00:00:10]} {[%emt 00:00:06]}
Nxf2 {[%clk 00:00:34]} {[%emt 00:00:02]} 33. Ra4 {[%clk 00:00:05]} {[%emt
00:00:08]} Nxd1 {[%clk 00:00:29]} {[%emt 00:00:07]} 34. a6 {[%clk 00:00:05]}
{[%emt 00:00:02]} Nf2 {[%clk 00:00:17]} {[%emt 00:00:15]} 35. Rb4 {[%clk
00:00:06]} Ra1 {[%clk 00:00:14]} {[%emt 00:00:05]} 36. Rb7+ {[%clk 00:00:06]}
{[%emt 00:00:02]} Ke6 {[%clk 00:00:14]} 37. Rxa7 {[%clk 00:00:06]} {[%emt
00:00:02]} g4 {[%clk 00:00:16]} {[%emt 00:00:01]} 38. Kb2 {[%clk 00:00:07]} Ra5
{[%clk 00:00:08]} {[%emt 00:00:10]} 39. b4 {[%clk 00:00:08]} Nd3+ {[%emt
00:00:10]} 1-0

[Event "Turniej Blitza na II Lidze Juniorów 2018"]
[Site "Szczyrk, Poland"]
[Date "????.??.??"]
[Round "9.35"]
[White "Pyzio, Amelia"]
[Black "Mysliwiec, Natalia"]
[Result "1-0"]
[TimeControl "3'+2\""]
[WhiteElo "1747"]
[BlackElo "1316"]

1. e4 {[%emt 00:01:16]} d5 2. exd5 {[%emt 00:00:02]} Qxd5 3. Nc3 Qd6 4. d4
{[%emt 00:00:03]} Nf6 {[%emt 00:00:02]} 5. Nf3 {[%emt 00:00:01]} Bg4 {[%emt
00:00:01]} 6. Be3 {[%emt 00:00:06]} e6 {[%emt 00:00:01]} 7. h3 {[%emt
00:00:02]} Bh5 {[%emt 00:00:01]} 8. Bb5+ {[%emt 00:00:05]} c6 {[%emt 00:00:01]}
9. Be2 Nbd7 10. O-O {[%emt 00:00:02]} Be7 11. a4 {[%emt 00:00:06]} Nb6 {[%emt
00:00:01]} 12. Ne5 {[%emt 00:00:17]} Bxe2 {[%emt 00:00:09]} 13. Qxe2 {[%emt
00:00:02]} Nbd5 {[%emt 00:00:01]} 14. Bd2 {[%emt 00:00:15]} O-O {[%emt
00:00:05]} 15. Nxd5 Nxd5 16. Qe4 Nf6 17. Qh4 {[%emt 00:00:24]} Nd7 {[%emt
00:00:14]} 18. Qf4 {[%emt 00:00:03]} Nxe5 {[%emt 00:00:01]} 19. dxe5 {[%emt
00:00:02]} Qc5 {[%emt 00:00:01]} 20. c3 {[%emt 00:00:07]} Qb6 {[%emt 00:00:03]}
21. b4 {[%emt 00:00:05]} Rad8 {[%emt 00:00:05]} 22. Be3 {[%emt 00:00:05]} Qc7
{[%emt 00:00:02]} 23. Rad1 {[%emt 00:00:06]} b6 {[%emt 00:00:16]} 24. Qg3
{[%emt 00:00:09]} Kh8 {[%emt 00:00:08]} 25. f4 {[%emt 00:00:18]} Rd7 {[%emt
00:00:05]} 26. f5 {[%emt 00:00:11]} Rxd1 {[%emt 00:00:07]} 27. Rxd1 exf5 {[%emt
00:00:01]} 28. Bf4 {[%emt 00:00:07]} Qb7 {[%emt 00:00:07]} 29. Bg5 {[%emt
00:00:14]} h6 {[%emt 00:00:09]} 30. Be3 {[%emt 00:00:16]} Rd8 {[%emt 00:00:05]}
31. Rd4 {[%emt 00:00:02]} Rxd4 {[%emt 00:00:02]} 32. Bxd4 {[%emt 00:00:02]} Qd7
{[%emt 00:00:01]} 33. e6 {[%emt 00:00:03]} Qxd4+ {[%emt 00:00:24]} 34. cxd4 Bf6
{[%emt 00:00:03]} 35. exf7 {[%emt 00:00:02]} Be7 {[%emt 00:00:02]} 36. Qb8+
{[%emt 00:00:06]} Kh7 {[%emt 00:00:01]} 37. f8=R {[%emt 00:00:09]} Bxf8 {[%emt
00:00:01]} 38. Qxf8 {[%emt 00:00:02]} Kg6 39. Qd6+ {[%emt 00:00:03]} Kg5 {[%emt
00:00:01]} 40. Qxc6 {[%emt 00:00:01]} g6 {[%emt 00:00:01]} 41. d5 {[%emt
00:00:02]} Kf4 42. d6 {[%emt 00:00:01]} Ke3 43. d7 {[%emt 00:00:02]} Kd2 44.
d8=R+ {[%emt 00:00:03]} Ke3 {[%emt 00:00:02]} 45. Qf3# {[%emt 00:00:01]} 1-0

[Event "Turniej Blitza na II Lidze Juniorów 2018"]
[Site "Szczyrk, Poland"]
[Date "????.??.??"]
[Round "9.61"]
[White "Nowacka, Dorota"]
[Black "Pieczewska, Jadwiga"]
[Result "1-0"]
[TimeControl "3'+2\""]
[WhiteElo "1322"]
[BlackElo "1035"]

1. d4 {[%clk 00:03:04]} {[%emt 00:00:16]} e6 {[%clk 00:03:03]} {[%emt
00:00:01]} 2. e4 {[%clk 00:03:05]} {[%emt 00:00:01]} d5 {[%clk 00:03:04]} 3.
Nc3 {[%clk 00:03:04]} {[%emt 00:00:03]} c5 {[%clk 00:03:05]} {[%emt 00:00:02]}
4. exd5 {[%clk 00:03:01]} {[%emt 00:00:05]} exd5 {[%clk 00:03:06]} 5. dxc5
{[%clk 00:03:00]} {[%emt 00:00:03]} Bxc5 {[%clk 00:03:06]} {[%emt 00:00:01]} 6.
Qxd5 {[%clk 00:03:00]} {[%emt 00:00:03]} Qxd5 {[%clk 00:02:59]} {[%emt
00:00:10]} 7. Nxd5 {[%clk 00:03:00]} Nc6 {[%clk 00:02:59]} {[%emt 00:00:02]} 8.
Nc7+ {[%clk 00:03:01]} {[%emt 00:00:01]} Kd8 {[%clk 00:02:56]} {[%emt
00:00:05]} 9. Nxa8 {[%clk 00:03:01]} {[%emt 00:00:02]} Bf5 {[%clk 00:02:54]}
{[%emt 00:00:04]} 10. Bc4 {[%clk 00:02:53]} {[%emt 00:00:10]} f6 {[%clk
00:02:41]} {[%emt 00:00:15]} 11. Nf3 {[%clk 00:02:53]} {[%emt 00:00:01]} Nge7
{[%clk 00:02:41]} {[%emt 00:00:02]} 12. Bf4 {[%clk 00:02:51]} {[%emt 00:00:04]}
g5 {[%clk 00:02:05]} {[%emt 00:00:39]} 13. O-O-O+ {[%clk 00:02:42]} {[%emt
00:00:11]} Kc8 {[%clk 00:01:55]} {[%emt 00:00:10]} 14. Bd6 {[%clk 00:02:38]}
{[%emt 00:00:07]} Bxd6 15. Rxd6 Rf8 {[%clk 00:01:44]} {[%emt 00:00:11]} 16.
Rhd1 {[%clk 00:02:17]} {[%emt 00:00:23]} Nb4 {[%clk 00:01:39]} {[%emt
00:00:09]} 17. Be6+ {[%clk 00:02:04]} {[%emt 00:00:15]} Kb8 {[%clk 00:01:35]}
{[%emt 00:00:05]} 18. Bxf5 {[%clk 00:01:54]} {[%emt 00:00:13]} Nxf5 {[%clk
00:01:31]} {[%emt 00:00:06]} 19. Rd8+ {[%clk 00:01:54]} {[%emt 00:00:01]} Rxd8
{[%clk 00:01:31]} {[%emt 00:00:03]} 20. Rxd8# {[%clk 00:01:54]} {[%emt
00:00:02]} 1-0

[Event "Turniej Blitza na II Lidze Juniorów 2018"]
[Site "Szczyrk, Poland"]
[Date "????.??.??"]
[Round "9.40"]
[White "Nowak, Filip"]
[Black "Kupiecki, Szymon"]
[Result "0-1"]
[TimeControl "3'+2\""]
[WhiteElo "1145"]
[BlackElo "1519"]

1. e4 {[%clk 00:03:02]} {[%emt 00:00:02]} e5 {[%clk 00:03:04]} {[%emt
00:00:01]} 2. Nf3 {[%clk 00:03:03]} Nc6 {[%clk 00:03:05]} {[%emt 00:00:01]} 3.
Bb5 {[%clk 00:03:04]} a6 {[%clk 00:03:06]} {[%emt 00:00:01]} 4. Ba4 {[%clk
00:03:03]} {[%emt 00:00:02]} Nf6 {[%clk 00:03:07]} {[%emt 00:00:02]} 5. O-O
{[%clk 00:03:04]} b5 {[%clk 00:03:08]} 6. Bb3 {[%clk 00:03:04]} {[%emt
00:00:01]} Bc5 {[%clk 00:03:09]} {[%emt 00:00:01]} 7. c3 {[%clk 00:03:03]}
{[%emt 00:00:04]} d6 {[%clk 00:03:08]} {[%emt 00:00:02]} 8. h3 {[%clk
00:03:03]} {[%emt 00:00:03]} O-O {[%clk 00:03:07]} {[%emt 00:00:02]} 9. Re1
{[%clk 00:03:01]} {[%emt 00:00:04]} Bb6 {[%clk 00:03:06]} {[%emt 00:00:03]} 10.
d4 {[%clk 00:03:01]} {[%emt 00:00:02]} h6 {[%clk 00:03:01]} {[%emt 00:00:07]}
11. d5 {[%clk 00:02:37]} {[%emt 00:00:26]} Ne7 {[%clk 00:02:58]} {[%emt
00:00:06]} 12. Nbd2 {[%clk 00:02:33]} {[%emt 00:00:06]} Ng6 {[%clk 00:02:56]}
{[%emt 00:00:03]} 13. Nf1 {[%clk 00:02:30]} {[%emt 00:00:05]} Nf4 {[%clk
00:02:26]} {[%emt 00:00:32]} 14. Bxf4 {[%clk 00:02:14]} {[%emt 00:00:18]} exf4
{[%clk 00:02:27]} {[%emt 00:00:02]} 15. Qd2 {[%clk 00:02:04]} {[%emt 00:00:11]}
g5 {[%clk 00:02:28]} {[%emt 00:00:01]} 16. c4 {[%clk 00:01:45]} {[%emt
00:00:21]} Re8 {[%clk 00:02:11]} {[%emt 00:00:19]} 17. e5 {[%clk 00:01:35]}
{[%emt 00:00:12]} dxe5 {[%clk 00:02:12]} {[%emt 00:00:02]} 18. Nxe5 {[%clk
00:01:32]} {[%emt 00:00:04]} Qd6 {[%clk 00:01:57]} {[%emt 00:00:16]} 19. Nc6
{[%clk 00:01:07]} {[%emt 00:00:28]} Bd7 {[%clk 00:01:40]} {[%emt 00:00:20]} 20.
cxb5 {[%clk 00:00:59]} {[%emt 00:00:09]} axb5 {[%clk 00:01:39]} {[%emt
00:00:02]} 21. Qc3 {[%clk 00:01:00]} {[%emt 00:00:02]} Ne4 {[%clk 00:01:19]}
{[%emt 00:00:22]} 22. Rxe4 {[%clk 00:00:44]} {[%emt 00:00:18]} Rxe4 {[%clk
00:01:19]} {[%emt 00:00:02]} 23. Re1 {[%clk 00:00:36]} {[%emt 00:00:10]} Rxe1
{[%clk 00:01:07]} {[%emt 00:00:14]} 24. Qxe1 {[%clk 00:00:37]} {[%emt
00:00:01]} Re8 {[%clk 00:01:08]} {[%emt 00:00:02]} 25. Qc3 {[%clk 00:00:32]}
{[%emt 00:00:05]} Bxc6 {[%clk 00:01:04]} {[%emt 00:00:07]} 26. dxc6 {[%clk
00:00:31]} {[%emt 00:00:03]} Qd4 {[%clk 00:00:53]} {[%emt 00:00:14]} 27. Qxd4
{[%clk 00:00:27]} {[%emt 00:00:06]} Bxd4 {[%clk 00:00:54]} 28. a4 {[%clk
00:00:19]} {[%emt 00:00:10]} bxa4 {[%clk 00:00:54]} {[%emt 00:00:01]} 29. Bxa4
{[%clk 00:00:20]} Bxb2 {[%clk 00:00:51]} {[%emt 00:00:05]} 30. f3 {[%clk
00:00:15]} {[%emt 00:00:07]} Bd4+ {[%clk 00:00:47]} {[%emt 00:00:06]} 31. Kh2
{[%clk 00:00:16]} {[%emt 00:00:01]} Re2 {[%clk 00:00:45]} {[%emt 00:00:04]} 32.
Bb5 {[%clk 00:00:15]} {[%emt 00:00:03]} Rf2 {[%clk 00:00:45]} {[%emt 00:00:02]}
33. Bc4 {[%clk 00:00:14]} {[%emt 00:00:03]} Kg7 {[%clk 00:00:46]} {[%emt
00:00:01]} 34. Kh1 {[%clk 00:00:09]} {[%emt 00:00:08]} f5 {[%clk 00:00:44]}
{[%emt 00:00:04]} 35. Nh2 {[%clk 00:00:05]} {[%emt 00:00:06]} h5 {[%clk
00:00:38]} {[%emt 00:00:07]} 36. Be6 {[%clk 00:00:04]} {[%emt 00:00:04]} Kf6
{[%clk 00:00:31]} {[%emt 00:00:08]} 37. Bd7 {[%clk 00:00:05]} {[%emt 00:00:01]}
Rc2 {[%clk 00:00:22]} {[%emt 00:00:11]} 38. Nf1 {[%clk 00:00:05]} {[%emt
00:00:02]} Rc1 {[%clk 00:00:21]} {[%emt 00:00:03]} 0-1

[Event "Turniej Blitza na II Lidze Juniorów 2018"]
[Site "Szczyrk, Poland"]
[Date "????.??.??"]
[Round "9.56"]
[White "Bochenek, Ryszard"]
[Black "Tkaczyk, Weronika"]
[Result "1-0"]
[TimeControl "3'+2\""]
[WhiteElo "1205"]
[BlackElo "1430"]

1. d4 Nf6 {[%emt 00:00:03]} 2. Nf3 {[%emt 00:00:01]} e6 {[%emt 00:00:01]} 3. g3
{[%clk 00:03:02]} {[%emt 00:00:01]} d5 {[%emt 00:00:03]} 4. Bg2 c5 {[%clk
00:02:59]} {[%emt 00:00:03]} 5. c4 {[%clk 00:03:00]} {[%emt 00:00:06]} Nc6
{[%clk 00:02:56]} {[%emt 00:00:05]} 6. O-O {[%clk 00:02:57]} {[%emt 00:00:05]}
Be7 {[%clk 00:02:57]} 7. Nc3 {[%clk 00:02:54]} {[%emt 00:00:07]} O-O {[%clk
00:02:57]} {[%emt 00:00:01]} 8. Re1 {[%clk 00:02:54]} {[%emt 00:00:03]} cxd4
{[%emt 00:00:09]} 9. Nxd4 {[%emt 00:00:02]} Nxd4 {[%clk 00:02:49]} {[%emt
00:00:04]} 10. Qxd4 {[%clk 00:02:52]} {[%emt 00:00:02]} b6 {[%clk 00:02:42]}
{[%emt 00:00:10]} 11. cxd5 {[%clk 00:02:51]} {[%emt 00:00:03]} exd5 {[%clk
00:02:32]} {[%emt 00:00:11]} 12. Nxd5 {[%clk 00:02:49]} {[%emt 00:00:03]} Nxd5
{[%clk 00:02:23]} {[%emt 00:00:12]} 13. Qxd5 {[%emt 00:00:09]} Qxd5 {[%emt
00:00:02]} 14. Bxd5 {[%clk 00:02:44]} Rb8 {[%clk 00:02:15]} {[%emt 00:00:10]}
15. Bf4 {[%clk 00:02:45]} Bb7 {[%clk 00:02:15]} 16. Bxb8 {[%emt 00:00:07]} Rxb8
{[%emt 00:00:03]} 17. Bxb7 {[%emt 00:00:02]} Rxb7 {[%emt 00:00:01]} 18. Rac1
{[%clk 00:02:43]} {[%emt 00:00:01]} h6 {[%clk 00:02:15]} {[%emt 00:00:03]} 19.
Red1 {[%clk 00:02:42]} {[%emt 00:00:02]} a5 {[%clk 00:02:13]} {[%emt 00:00:04]}
20. Rc8+ {[%emt 00:00:04]} Kh7 {[%emt 00:00:01]} 21. Rdc1 {[%clk 00:02:41]}
{[%emt 00:00:01]} Bf6 {[%clk 00:02:14]} {[%emt 00:00:02]} 22. b3 {[%clk
00:02:40]} {[%emt 00:00:03]} b5 {[%clk 00:02:12]} {[%emt 00:00:04]} 23. R1c7
{[%emt 00:00:01]} Rb6 {[%emt 00:00:02]} 24. Rxf7 {[%clk 00:02:38]} {[%emt
00:00:04]} a4 {[%clk 00:02:11]} {[%emt 00:00:03]} 25. bxa4 {[%emt 00:00:02]}
bxa4 {[%emt 00:00:01]} 26. Rcc7 {[%clk 00:02:36]} {[%emt 00:00:04]} Rb2 {[%clk
00:02:06]} {[%emt 00:00:08]} 27. Rxf6 {[%clk 00:02:33]} {[%emt 00:00:05]} Rxa2
{[%clk 00:02:05]} {[%emt 00:00:03]} 28. Rff7 {[%clk 00:02:32]} {[%emt
00:00:04]} Ra1+ {[%clk 00:02:05]} 29. Kg2 {[%clk 00:02:33]} {[%emt 00:00:02]}
a3 {[%clk 00:02:04]} {[%emt 00:00:03]} 30. Rxg7+ {[%clk 00:02:34]} {[%emt
00:00:02]} Kh8 {[%clk 00:02:05]} {[%emt 00:00:01]} 31. Rgd7 {[%clk 00:02:34]}
{[%emt 00:00:02]} a2 {[%clk 00:02:00]} {[%emt 00:00:07]} 32. Rc8# {[%emt
00:00:02]} 1-0

[Event "Turniej Blitza na II Lidze Juniorów 2018"]
[Site "Szczyrk, Poland"]
[Date "????.??.??"]
[Round "9.37"]
[White "Dahche, Abdel-Azziz"]
[Black "Krzysztynska, Anna"]
[Result "0-1"]
[TimeControl "3'+2\""]
[WhiteElo "1222"]
[BlackElo "1610"]

1. e4 {[%clk 00:03:03]} {[%emt 00:07:46]} e5 {[%clk 00:03:03]} {[%emt
00:00:01]} 2. Nf3 {[%clk 00:03:04]} {[%emt 00:00:01]} Nc6 {[%clk 00:03:04]}
{[%emt 00:00:01]} 3. Bc4 {[%clk 00:03:05]} {[%emt 00:00:01]} Bc5 {[%clk
00:03:04]} {[%emt 00:00:03]} 4. b4 {[%clk 00:03:06]} Bxb4 {[%clk 00:02:50]}
{[%emt 00:00:16]} 5. c3 {[%clk 00:03:07]} Be7 {[%clk 00:02:43]} {[%emt
00:00:10]} 6. d4 {[%clk 00:03:07]} exd4 {[%clk 00:02:38]} {[%emt 00:00:08]} 7.
O-O {[%clk 00:03:08]} {[%emt 00:00:01]} d6 {[%clk 00:02:29]} {[%emt 00:00:11]}
8. cxd4 {[%clk 00:03:07]} {[%emt 00:00:02]} Nf6 {[%clk 00:02:18]} {[%emt
00:00:14]} 9. Nc3 {[%clk 00:02:57]} {[%emt 00:00:12]} O-O {[%clk 00:02:06]}
{[%emt 00:00:14]} 10. Qe2 {[%clk 00:02:50]} {[%emt 00:00:09]} Bg4 {[%clk
00:02:03]} {[%emt 00:00:05]} 11. Rd1 {[%clk 00:02:50]} {[%emt 00:00:01]} Re8
{[%clk 00:01:26]} {[%emt 00:00:39]} 12. e5 {[%clk 00:02:46]} {[%emt 00:00:06]}
Bf8 {[%clk 00:01:07]} {[%emt 00:00:21]} 13. Bg5 {[%clk 00:01:58]} {[%emt
00:00:51]} h6 {[%clk 00:01:05]} {[%emt 00:00:04]} 14. Bh4 {[%clk 00:01:57]}
{[%emt 00:00:03]} g5 {[%clk 00:00:51]} {[%emt 00:00:17]} 15. Qc2 {[%clk
00:01:12]} {[%emt 00:00:34]} d5 {[%clk 00:00:41]} {[%emt 00:00:24]} 16. exf6
{[%clk 00:00:19]} {[%emt 00:00:54]} dxc4 {[%clk 00:00:38]} {[%emt 00:00:05]} 17.
Bg3 {[%clk 00:00:20]} {[%emt 00:00:02]} Bxf3 {[%clk 00:00:28]} {[%emt
00:00:12]} 18. gxf3 {[%clk 00:00:20]} {[%emt 00:00:02]} Qxf6 {[%clk 00:00:29]}
{[%emt 00:00:01]} 19. Kg2 {[%clk 00:00:16]} {[%emt 00:00:06]} Nxd4 {[%clk
00:00:27]} {[%emt 00:00:04]} 20. Qd2 {[%clk 00:00:11]} {[%emt 00:00:06]} Qxf3+
{[%clk 00:00:20]} {[%emt 00:00:10]} 21. Kg1 {[%clk 00:00:14]} Rad8 {[%clk
00:00:19]} {[%emt 00:00:06]} 22. Qe1 {[%clk 00:00:03]} {[%emt 00:00:13]} Rxe1+
{[%emt 00:00:03]} 23. Rxe1 {[%emt 00:00:01]} Qxc3 {[%clk 00:00:17]} {[%emt
00:00:02]} 24. Be5 {[%clk 00:00:05]} {[%emt 00:00:01]} Nf3+ {[%clk 00:00:16]}
{[%emt 00:00:03]} 0-1

[Event "Turniej Blitza na II Lidze Juniorów 2018"]
[Site "Szczyrk, Poland"]
[Date "????.??.??"]
[Round "9.31"]
[White "Wolaniecki, Patryk"]
[Black "Mirowska, Oliwia"]
[Result "1-0"]
[TimeControl "3'+2\""]
[WhiteElo "1512"]
[BlackElo "1297"]

1. e4 {[%clk 00:03:03]} d6 {[%clk 00:03:01]} {[%emt 00:00:03]} 2. d4 {[%clk
00:03:04]} {[%emt 00:00:01]} Nf6 {[%clk 00:03:02]} {[%emt 00:00:02]} 3. Nc3
{[%clk 00:03:05]} {[%emt 00:00:01]} e5 {[%clk 00:03:00]} {[%emt 00:00:04]} 4.
dxe5 {[%clk 00:03:03]} {[%emt 00:00:04]} dxe5 {[%clk 00:03:01]} {[%emt
00:00:01]} 5. Qxd8+ Kxd8 {[%clk 00:03:02]} 6. Bg5 {[%clk 00:03:04]} {[%emt
00:00:02]} Be6 {[%clk 00:03:02]} {[%emt 00:00:01]} 7. O-O-O+ {[%clk 00:03:04]}
{[%emt 00:00:02]} Nbd7 {[%clk 00:03:03]} 8. Nf3 {[%clk 00:02:58]} {[%emt
00:00:08]} Kc8 {[%clk 00:03:04]} {[%emt 00:00:02]} 9. Bxf6 {[%clk 00:02:53]}
{[%emt 00:00:06]} gxf6 {[%clk 00:03:04]} {[%emt 00:00:02]} 10. Nd5 {[%clk
00:02:54]} {[%emt 00:00:01]} c6 {[%clk 00:03:02]} {[%emt 00:00:04]} 11. Ne3
{[%clk 00:02:55]} {[%emt 00:00:02]} Bxa2 {[%clk 00:02:56]} {[%emt 00:00:08]} 12.
b3 {[%clk 00:02:53]} {[%emt 00:00:04]} Ba3+ {[%clk 00:02:53]} {[%emt 00:00:05]}
13. Kd2 {[%clk 00:02:54]} {[%emt 00:00:01]} Nc5 {[%clk 00:02:42]} {[%emt
00:00:12]} 14. Bd3 {[%clk 00:02:23]} {[%emt 00:00:32]} Rd8 {[%clk 00:02:32]}
{[%emt 00:00:12]} 15. Ke2 {[%clk 00:02:25]} {[%emt 00:00:01]} Nxd3 {[%clk
00:02:27]} {[%emt 00:00:07]} 16. Rxd3 {[%clk 00:02:26]} {[%emt 00:00:01]} Rxd3
{[%clk 00:02:26]} {[%emt 00:00:02]} 17. Kxd3 {[%clk 00:02:27]} {[%emt
00:00:02]} Bb2 {[%clk 00:01:54]} {[%emt 00:00:34]} 18. Nc4 {[%clk 00:02:25]}
{[%emt 00:00:04]} Bd4 {[%clk 00:01:47]} {[%emt 00:00:09]} 19. Nxd4 {[%clk
00:02:23]} {[%emt 00:00:04]} exd4 {[%clk 00:01:47]} {[%emt 00:00:01]} 20. Ra1
{[%clk 00:02:24]} Bxb3 {[%clk 00:01:47]} {[%emt 00:00:03]} 21. cxb3 {[%clk
00:02:26]} c5 {[%clk 00:01:47]} {[%emt 00:00:02]} 22. Nb6+ {[%clk 00:02:14]}
{[%emt 00:00:14]} Kb8 {[%clk 00:01:47]} {[%emt 00:00:02]} 23. Nxa8 {[%clk
00:02:15]} {[%emt 00:00:01]} Kxa8 {[%clk 00:01:48]} {[%emt 00:00:01]} 24. Kc4
{[%clk 00:02:16]} b6 {[%clk 00:01:47]} {[%emt 00:00:03]} 25. b4 {[%clk
00:02:15]} {[%emt 00:00:03]} cxb4 {[%clk 00:01:44]} {[%emt 00:00:05]} 26. Kxd4
{[%clk 00:02:16]} {[%emt 00:00:01]} a5 {[%clk 00:01:44]} {[%emt 00:00:02]} 27.
Kd5 {[%clk 00:02:17]} Kb7 {[%clk 00:01:46]} {[%emt 00:00:01]} 28. Kc4 {[%clk
00:02:17]} Kc6 {[%clk 00:01:47]} 29. f4 {[%clk 00:02:14]} {[%emt 00:00:05]} b5+
{[%clk 00:01:48]} 30. Kd4 {[%clk 00:02:15]} a4 {[%clk 00:01:45]} {[%emt
00:00:05]} 31. Rc1+ {[%clk 00:02:13]} {[%emt 00:00:04]} Kb6 {[%clk 00:01:46]}
32. g4 {[%clk 00:02:10]} {[%emt 00:00:04]} a3 {[%clk 00:01:42]} {[%emt
00:00:07]} 33. Kd3 {[%clk 00:01:58]} {[%emt 00:00:14]} b3 {[%clk 00:01:32]}
{[%emt 00:00:12]} 34. Kc3 {[%clk 00:01:45]} {[%emt 00:00:15]} b2 {[%clk
00:01:28]} {[%emt 00:00:06]} 35. Rd1 {[%clk 00:01:41]} {[%emt 00:00:06]} Ka5
{[%clk 00:01:25]} {[%emt 00:00:05]} 36. Kb3 {[%clk 00:01:42]} b4 {[%clk
00:01:22]} {[%emt 00:00:04]} 37. h4 {[%clk 00:01:36]} {[%emt 00:00:09]} h6
{[%clk 00:01:18]} {[%emt 00:00:07]} 38. g5 {[%clk 00:01:37]} {[%emt 00:00:01]}
fxg5 {[%clk 00:01:17]} {[%emt 00:00:03]} 39. fxg5 {[%clk 00:01:36]} {[%emt
00:00:02]} hxg5 {[%clk 00:01:14]} {[%emt 00:00:06]} 40. hxg5 {[%clk 00:01:37]}
Kb6 {[%clk 00:01:11]} {[%emt 00:00:05]} 41. e5 {[%clk 00:01:38]} {[%emt
00:00:02]} Kc5 {[%clk 00:01:06]} {[%emt 00:00:06]} 42. e6 {[%clk 00:01:35]}
{[%emt 00:00:04]} fxe6 {[%clk 00:01:07]} {[%emt 00:00:02]} 43. g6 {[%clk
00:01:37]} e5 {[%clk 00:01:03]} {[%emt 00:00:06]} 44. g7 {[%clk 00:01:38]} e4
{[%clk 00:01:04]} 45. g8=Q {[%clk 00:01:39]} {[%emt 00:00:01]} b1=Q+ {[%clk
00:01:01]} {[%emt 00:00:04]} 46. Rxb1 {[%clk 00:01:40]} e3 {[%clk 00:01:02]}
{[%emt 00:00:02]} 47. Qc4+ {[%clk 00:01:41]} {[%emt 00:00:01]} Kb6 {[%clk
00:01:02]} {[%emt 00:00:02]} 48. Qxb4+ {[%clk 00:01:41]} {[%emt 00:00:01]} Ka6
{[%clk 00:01:03]} {[%emt 00:00:01]} 49. Kc3 {[%clk 00:01:39]} {[%emt 00:00:05]}
e2 {[%clk 00:01:03]} {[%emt 00:00:02]} 50. Qb6# {[%clk 00:01:40]} {[%emt
00:00:02]} 1-0